Gaming Quiz

Random Gaming or Video Games Quiz

Is It Really Luigi? Quiz Stats

 Plays Quiz Updated Oct 31, 2019

Score 0/10 Timer 03:00
18 Plays Today
% Correct
Luigi's Mansion
94.1%
Luigi's Mansion: Dark Moon
77.4%
Mario & Luigi: Dream Team
72.1%
Mario & Luigi: Superstar Saga
71.1%
Mario & Luigi: Partners in Time
70.5%
Mario & Luigi: Bowser's Inside Story
70.5%
Mario & Luigi: Paper Jam
67.1%
Luigi's Mansion Arcade
59.2%
New Super Luigi U
55.2%
Dr. Luigi
50.6%

You're not logged in!

Compare scores with friends on all Sporcle quizzes.
OR
Log In

Sporcle TV

Today on Sporcle TV


Watch our educational content, quiz creation guides, and fun videos on Sporcle TV.

Show Comments

Extras

Top Quizzes Today


Score Distribution

Your Account Isn't Verified!

In order to create a playlist on Sporcle, you need to verify the email address you used during registration. Go to your Sporcle Settings to finish the process.

Report this User

Report this user for behavior that violates our Community Guidelines.

Details: